000 00290nam a22001337a 4500
008 181017b xxu||||| |||| 00| 0 eng d
020 _a026242163
041 _aeng
080 _a316
100 _a50
101 _aSOC
245 _aSymestry Casuality Mind
_cLeyton.M
942 _2udc
_cBK
999 _c49997
_d49997